Name the 10 largest seaports in Europe - with tips - Statistics

General Stats
  • This quiz has been taken 31 times
  • The average score is 6 of 10
Answer Stats
Hint Answer % Correct
NL Rotterdam
96%
NL Amsterdam
89%
D Hamburg
81%
B Antwerp
74%
F Marseille
74%
SP Valencia
63%
D Bremen
52%
GR Piraeus
37%
F Le Havre
26%
SP Algeciras
11%
No matching quizzes found
Score Distribution
Percent of People with Each Score
Percentile by Number Answered
Your Score History
You have not taken this quiz